| 000 | 00770nam a22002177a 4500 | ||
|---|---|---|---|
| 999 |
_c10574 _d10574 |
||
| 003 | AR-CdUCM | ||
| 008 | 190401b ||||| |||| 00| 0 spa d | ||
| 040 |
_aMUNICIPALIDAD PROVINCIAL DEL CUSCO _cBIBLIOTECA MUNICIPAL DEL CUSCO |
||
| 082 |
_23 ed. _a170 / _bS74 / 1905 |
||
| 100 |
_aSpencer, Herbert _99994 |
||
| 245 | _aLos primeros principios / | ||
| 260 |
_aMadrid : _bFé, _c1905. |
||
| 300 |
_a493 paginas ; _c22 cm. |
||
| 505 | _aContenido : Lo incognoscible -- Religión y ciencia -- Ultimas ideas de la religión -- Ultimas ideas de la ciencia -- Relatividad de todo conocimiento ... | ||
| 650 |
_aConocimiento _95704 |
||
| 650 |
_aCiencia _92098 |
||
| 650 |
_aReligión _91195 |
||
| 700 |
_aIrueste, José A. _927525 |
||
| 942 |
_2ddc _cLIBROS |
||
| 945 | _arah | ||